000 00589nam a22001937a 4500
005 20160801113200.0
010 _aENG-115571
020 _a9788124119081
_c795.00
020 _a812411918X,
_c795.00
035 _aEN-99103
037 _bDBAD/PUB
082 _a344.54930411
100 _aPerera,Avanti
245 _aMedical negligence clims in Sri Lanka /
_cby Perera,Avantia
260 _aNew Delhi
_bHar-Anand Publication
_c2016
270 _aE-49/3,Okhla Industrial Area, Phase-II
_bNew Delhi
_e110020
300 _a318p.
_c22cm(pbk)
942 _2ddc
_cEN
_h657
_mPER
999 _c101573
_d101573